Random Slogans 1 Quiz Stats

Quiz not verified by Sporcle

Also try: Pattern Sleuth
Challenge
Share
Tweet
Embed
Score 0/15 Timer 05:00
0 Plays Today
Slogan Company heading % Correct
Mmm.. Toasty.Quiznos
68.5%
Das Auto.Volkswagen
60.9%
Need a moment?Twix
59.2%
Drive one.Ford
44%
Talk to Chuck.Charles Schwab
38%
Wassup?!Budweiser
35.9%
Better sound through research.Bose
29.3%
Papa's in the house.Papa John's Pizza
23.9%
Slogan Company heading % Correct
Never Follow.Audi
19%
Is it live or is it _____?Memorex
17.4%
It only does everything.Playstation 3
11.4%
The world on time.FedEx
8.7%
The miracles of science.DuPont
3.8%
My tank is full.Dodge Ram
3.3%
It's more fun time. Xbox 360
1.6%

You're not logged in!

Compare scores with friends on all Sporcle quizzes.
Sign Up with Email
OR
Log In

You Might Also Like...

Show Comments

Extras

Top Quizzes Today


Score Distribution

Your Account Isn't Verified!

In order to create a playlist on Sporcle, you need to verify the email address you used during registration. Go to your Sporcle Settings to finish the process.

Report this User

Report this user for behavior that violates our Community Guidelines.

Details: